000 01008nam a2200313 i 4500
001 6730
003 ES-MaACL
005 20251013063040.0
007 t|
008 900415s1987 sp ||||1| spa d
017 _aM 29897-1987
_bOficina Depósito Legal Madrid
020 _a8477540101
040 _cES-MaACL
080 _a9(46)"1976/1986"
080 _a323(46)"1976/1986"
080 _a321.8(46)"1876/1986"
100 1 _aDíaz, Elías
_944117
_eaut
245 1 3 _aLa Transicion a la democracia :
_b(claves ideologicas, 1976-1986) /
_cElias Diaz.
260 _aMadrid :
_bEudema,
_cD.L. 1987.
300 _a222 páginas ;
_c18 cm.
500 _aÍndice.
504 _aBibliografía: páginas 215-222.
651 4 _aEspaña-
_xPolítica y gobierno-
_y1975-1982
_98447
852 _aES-MaACL
_jL-13981
_bR.117567
_96924
_cDEPO2
_xEncuadernación rústica
942 _cMONOGRAFIA
_n0
999 _c6730
_d6730